Thử nghiệm điều kiện sản xuất và bảo quản rượu vang thanh long ruột đỏ (Hylocereus polyrhizus) : Báo cáo tổng kết đề tài nghiên cứu khoa học của sinh viên

Nghiên cứu chọn chủng nấm men có hoạt tính lên men rượu vang thanh long ruột đỏ tốt nhất, qui trình lên men rượu vang thanh long ruột đỏ với các điều kiện tối ưu hóa, các điều kiện bảo quản rượu vang thanh long ruột đỏ....

Szczegółowa specyfikacja

Zapisane w:
Opis bibliograficzny
1. autor: Phạm, Thị Thu Thảo
Format: Książka
Język:Undetermined
Wydane: Cần Thơ Trường Đại học Cần Thơ 2018
Hasła przedmiotowe:
Etykiety: Dodaj etykietę
Nie ma etykietki, Dołącz pierwszą etykiete!
Thư viện lưu trữ: Trung tâm Học liệu Trường Đại học Cần Thơ
LEADER 01226nam a2200217Ia 4500
001 CTU_229256
008 210402s9999 xx 000 0 und d
082 |a 663.2 
082 |b Th108 
088 |a TSV2018-110 
100 |a Phạm, Thị Thu Thảo 
245 0 |a Thử nghiệm điều kiện sản xuất và bảo quản rượu vang thanh long ruột đỏ (Hylocereus polyrhizus) : 
245 0 |b Báo cáo tổng kết đề tài nghiên cứu khoa học của sinh viên 
245 0 |c Phạm Thị Thu Thảo (Chủ nhiệm đề tài) ; Huỳnh Xuân Phong (Người hướng dẫn) 
260 |a Cần Thơ 
260 |b Trường Đại học Cần Thơ 
260 |c 2018 
520 |a Nghiên cứu chọn chủng nấm men có hoạt tính lên men rượu vang thanh long ruột đỏ tốt nhất, qui trình lên men rượu vang thanh long ruột đỏ với các điều kiện tối ưu hóa, các điều kiện bảo quản rượu vang thanh long ruột đỏ. 
650 |a Đồ uống lên men,Fermented beverages 
910 |b nthai 
980 |a Trung tâm Học liệu Trường Đại học Cần Thơ